00494nam a2200157Ia 450000500170000000800410001708200130005824500220007126000630009330000120015665000180016870000300018694200060021695200990022299900150032120250320230114.0240331s9999 xx 000 0 und d bPARa894 0aParisuk kathaikal aTrincomaleebVadakku- Kilakku Pathpigga thinaikalamc1994 a93 p ., aShort Stories aEthirmannasingham, Seedt cL 001040708LaWERCLbWERCLcSSCd2024-03-31l0o 894.811 PARp5383r2024-03-31w2024-03-31yL c3827d3827